[Event "Mar del Plata op"]
[Site "Mar del Plata"]
[Date "1993.??.??"]
[Round "9"]
[White "Gomez Baillo, Jorge H"]
[Black "Amura, Claudia Noemi"]
[Result "1/2-1/2"]
[WhiteElo "2395"]
[BlackElo "2380"]

1.e4 c5 2.c3 Nf6 3.e5 Nd5 4.d4 cxd4 5.Nf3 e6 6.cxd4 b6 7.Nc3 Nxc3 8.bxc3 Qc7
9.Bd2 Be7 10.Bd3 Ba6 11.Bxa6 Nxa6 12.O-O O-O 13.Qe2 Nb8 14.Rac1 d6 15.exd6 Bxd6
16.Qe4 Nd7 17.c4 Nf6 18.Qe2 Bf4 19.Be3 Rac8 20.g3 Bd6 21.Rfd1 Qb7 22.Rc2 Rc7
23.c5 bxc5 24.dxc5 Be7 25.Nd4 Rxc5 26.Rxc5 Bxc5 27.Nxe6 Bxe3 28.Nxf8 Bc5
29.Ne6 fxe6 30.Qxe6+ Qf7 31.Rd8+ Bf8 32.Qxf7+ Kxf7 33.Rc8 a5 34.Ra8 Bb4 35.Ra7+ Kg6
36.a3 Bxa3 37.Rxa5  1/2-1/2

[Event "Pirc mem"]
[Site "Maribor"]
[Date "1993.??.??"]
[Round "?"]
[White "Sermek, Drazen"]
[Black "Kozul, Zdenko"]
[Result "0-1"]
[WhiteElo "2495"]
[BlackElo "2550"]

1.e4 c5 2.c3 Nf6 3.e5 Nd5 4.d4 cxd4 5.Nf3 Nc6 6.Bc4 e6 7.cxd4 d6 8.O-O Be7
9.Qe2 O-O 10.Qe4 Qc7 11.Bd3 g6 12.Bh6 Rd8 13.Nbd2 dxe5 14.dxe5 Nb6 15.Rac1 Nd7
16.Bb5 Ndxe5 17.Nxe5 Qxe5 18.Bxc6 Qh5 19.Bxb7 Bxb7 20.Qxb7 Qxh6 21.Ne4 Qf8
22.Rc7 Rdb8 23.Qc6 Rc8 24.Rd1 Rxc7 25.Qxc7 Rd8 26.Rxd8 Qxd8 27.Qxd8+ Bxd8
28.b4 f5 29.Nd2 e5 30.Nc4 Bc7 31.a4 Kf7 32.b5 Ke6 33.a5 Bb8 34.Ne3 Kd6 35.g4 f4
36.Nd1 Kc5 37.b6 a6 38.Nc3 Kb4 39.Nd5+ Kxa5  0-1

[Event "Melbourne"]
[Site "Melbourne"]
[Date "1993.??.??"]
[Round "10"]
[White "Garbett, Paul Anthony"]
[Black "Hamilton, Douglas G"]
[Result "0-1"]
[WhiteElo "2310"]
[BlackElo "2300"]

1.e4 c5 2.c3 Nf6 3.e5 Nd5 4.d4 cxd4 5.Qxd4 e6 6.Nf3 Nc6 7.Qe4 f5 8.Qe2 Qc7
9.g3 b5 10.Bg2 a5 11.O-O Ba6 12.Re1 Bc5 13.Nh4 O-O 14.Qd1 f4 15.g4 f3 16.Nxf3 Nf4
17.Bxf4 Rxf4 18.Nbd2 Raf8 19.h3 Bb7 20.Qe2 Ne7 21.Kh2 Ng6 22.Rf1 Bxf3 23.Nxf3 Rxf3
24.Bxf3 Nxe5  0-1

[Event "Minsk-B"]
[Site "Minsk"]
[Date "1993.??.??"]
[Round "3"]
[White "Vlassov, Nikolai"]
[Black "Sulipa, Aleksandar"]
[Result "1/2-1/2"]
[WhiteElo "2385"]
[BlackElo "2360"]

1.e4 c5 2.c3 Nf6 3.e5 Nd5 4.d4 cxd4 5.Nf3 e6 6.cxd4 b6 7.Nc3 Nxc3 8.bxc3 Bb7
9.Bf4 d5 10.Bd3 Be7 11.h4 Qc8 12.Rc1 Ba6 13.Rh3 Bxd3 14.Qxd3 Qa6 15.Qc2 Nc6
16.Bg5 Rc8 17.Bxe7 Nxe7 18.h5 h6 19.g4 Nc6 20.Qd2 Qc4 21.Rb1 b5 22.a3 Na5
23.Nh4 Qa4 24.Qb2 O-O 25.Qxb5 Qc2 26.Qd3 Rxc3 27.Qxc2 Rxc2 28.Rd3 Rfc8 29.Ng2 Nc4
30.Ne3 Nxe3 31.Rxe3 R8c4 32.Rd3 Ra2 33.Kf1 Rac2 34.Rb8+ Rc8 35.Rdb3 a5 36.R3b5 Rxb8
37.Rxb8+ Kh7 38.Rf8 Rd2 39.Rxf7 Rxd4 40.f3 Ra4 41.Kg2 Rxa3 42.Re7 Re3 43.Rxe6 d4
44.f4 a4  1/2-1/2

[Event "Minsk-C"]
[Site "Minsk"]
[Date "1993.??.??"]
[Round "6"]
[White "Yagupov, Igor"]
[Black "Eriksson, Johan"]
[Result "0-1"]
[WhiteElo "2415"]
[BlackElo "2200"]

1.e4 c5 2.c3 Nf6 3.e5 Nd5 4.d4 cxd4 5.Nf3 Nc6 6.cxd4 d6 7.Bc4 Nb6 8.Bb3 g6
9.e6 fxe6 10.h4 Bg7 11.h5 e5 12.dxe5 Bf5 13.hxg6 hxg6 14.Rxh8+ Bxh8 15.exd6 Qxd6
16.Qxd6 exd6 17.Nh4 Nb4 18.Nxf5 gxf5 19.Nc3 Nd3+ 20.Ke2 Nxc1+ 21.Rxc1 Rc8
22.Rh1 Bxc3 23.bxc3 Rxc3 24.Rh7 Nd7 25.Bf7+ Ke7 26.Bd5+ Kd8 27.Be6 Nc5 28.Bxf5 Ra3
29.Bb1 Ra4 30.Ke3 Rb4 31.Rh1 Ke7 32.Bh7 d5 33.Rb1 d4+ 34.Kf3 Ra4 35.Rb2 Kf6
36.Kf4 d3+ 37.Ke3 Re4+ 38.Kf3 Rd4 39.Rd2 Ke5 40.g4 b5 41.Rd1 Rf4+ 42.Ke3 Re4+
43.Kf3 Kd4 44.g5 b4 45.g6 Re6 46.g7 Rf6+ 47.Kg4 Rg6+ 48.Kf5 Rxg7 49.f4 Rg2
50.Kf6 Ne4+ 51.Ke6 d2  0-1

[Event "Mogliano Veneto op"]
[Site "Mogliano Veneto"]
[Date "1993.??.??"]
[Round "?"]
[White "Pederzoli, Sergio"]
[Black "Pastres, Roberto"]
[Result "1-0"]
[WhiteElo "2205"]
[BlackElo "2225"]

1.e4 c5 2.c3 Nf6 3.e5 Nd5 4.d4 cxd4 5.Nf3 e6 6.cxd4 d6 7.Bb5+ Bd7 8.Bxd7+ Qxd7
9.O-O Nc6 10.Nbd2 dxe5 11.Nxe5 Nxe5 12.dxe5 Be7 13.Qg4 O-O 14.Nf3 Rfc8 15.Bh6 Bf8
16.Rad1 Qc7 17.a3 Qb6 18.Bc1 g6 19.h4 h5 20.Qe4 Qb3 21.Nd4 Qc4 22.g4 hxg4
23.Qxg4 Ne7 24.h5 Bg7 25.b3 Qa6 26.Rfe1 Rc5 27.Nf3 Qc6 28.Bg5 gxh5 29.Qxh5 Ng6
30.Rd6 Qc7 31.Red1 Rd5 32.R6xd5 exd5 33.Bf6 Qb6 34.Ng5  1-0

[Event "Muenster op"]
[Site "Muenster"]
[Date "1993.??.??"]
[Round "7"]
[White "Feller, Joseph"]
[Black "Comp Tasc R30"]
[Result "0-1"]
[WhiteElo "2230"]
[BlackElo "2560"]

1.e4 c5 2.c3 Nf6 3.e5 Nd5 4.d4 cxd4 5.Nf3 Nc6 6.Bc4 Nb6 7.Bb3 d6 8.exd6 Qxd6
9.cxd4 Bf5 10.Nc3 e6 11.O-O Be7 12.d5 Nxd5 13.Nxd5 exd5 14.Qxd5 Qxd5 15.Bxd5 Nb4
16.Bb3 O-O 17.Be3 Nd3 18.Bd4 Rfd8 19.Bc3 Rac8 20.Ne5 Rxc3 21.Bxf7+ Kh8 22.bxc3 Nxe5
23.Bb3 Nd3 24.Rad1 Bf6 25.Bc2 Kg8 26.g4 Bg6 27.h4 Bxh4 28.Rd2 Ne5 29.Rxd8+ Bxd8
30.Bxg6 hxg6 31.Rd1 Bb6 32.Kg2 Nxg4 33.Rd7 Nxf2 34.Rxb7 Ne4 35.Rb8+ Kf7 36.Rc8 Ke6
37.Kf3 Kf5 38.a4 g5 39.Rf8+ Nf6 40.Rc8 g4+ 41.Kg2 Ne4 42.Rc6 g5 43.Rc8 g3
44.Kf3 g4+ 45.Kg2 Ke5 46.Rc4 Ba5 47.Rc8 Bxc3 48.Re8+ Kf4 49.Rf8+ Nf6 50.a5 Kf5
51.Ra8 Bxa5 52.Rxa7 Bb6 53.Ra8 Bf2 54.Rf8 Ke5 55.Kf1 Ne4 56.Re8+ Kf4 57.Rf8+ Ke3
58.Re8 Kf3  0-1

[Event "Munich op9293"]
[Site "Munich"]
[Date "1993.??.??"]
[Round "1"]
[White "Freckmann, Mark"]
[Black "Yakovich, Yuri"]
[Result "1/2-1/2"]
[WhiteElo "2300"]
[BlackElo "2520"]

1.e4 c5 2.c3 Nf6 3.e5 Nd5 4.g3 Nc6 5.Bg2 e6 6.Nf3 d6 7.exd6 Bxd6 8.Na3 O-O
9.O-O b6 10.Re1 Bb7 11.d3 Be7 12.Qe2 Qd7 13.Nc4 Rad8 14.Bd2 Bf6 15.Rad1 Ba6
16.Ng5 b5 17.Qe4 Bxg5 18.Bxg5 f6 19.Be3 f5 20.Qh4 bxc4 21.dxc4 Nxe3 22.Rxd7 Nxg2
23.Rxg7+ Kxg7 24.Qg5+ Kh8 25.Kxg2 Bxc4 26.b3 Bd5+ 27.f3 c4 28.b4 f4 29.g4 Rd7
30.b5 Rg7 31.Qh5 Ne7 32.Qe5 Ng6 33.Qg5 Rb8 34.a4 Rf8 35.Kf2 Ne7 36.Qe5 Ng6
37.Qg5 a6 38.b6 a5 39.Rb1 Rb7 40.h4 Rff7 41.Rb5 Ne7 42.Qe5+ Kg8 43.Qd6 Rf8
44.h5 h6 45.Rxa5 Nc8 46.Qe5 Rxb6 47.Rb5 Rd6 48.Rb8 Rd7 49.Qd4 Rfd8 50.Qf6 Re8
51.Qg6+ Kf8 52.Qxh6+ Ke7 53.Qg5+ Kd6 54.Qxf4+ e5 55.Qh6+ Kc7 56.Rb5 Rd6 57.Rc5+ Bc6
58.Qg7+ Re7 59.Qg5 Rf7 60.Qxe5 Rxf3+ 61.Ke2 Rf6 62.Qg5 Nb6 63.Rf5 Nxa4 64.Qe3 Rde6
65.Re5 Bf3+ 66.Kd2 Rd6+ 67.Kc1 Bb7 68.Re7+ Kb8 69.Qg3 Ka7 70.g5 Rf1+ 71.Re1 Rd3
72.Qh4 Rxc3+ 73.Kd2 Rd3+ 74.Ke2 Rff3 75.Ra1 Rfe3+ 76.Kf2 Rf3+ 77.Ke2 Rde3+
78.Kd2  1/2-1/2

[Event "Munich op9293"]
[Site "Munich"]
[Date "1993.??.??"]
[Round "5"]
[White "Freckmann, Mark"]
[Black "Robovic, Saudin"]
[Result "0-1"]
[WhiteElo "2300"]
[BlackElo "2395"]

1.e4 c5 2.c3 Nf6 3.e5 Nd5 4.g3 Qc7 5.Qe2 Nc6 6.f4 g6 7.Bg2 Nb6 8.Nf3 Bg7
9.O-O O-O 10.d4 cxd4 11.cxd4 d6 12.Nc3 Be6 13.Rd1 Nb4 14.Be3 Qc4 15.Qf2 N6d5
16.Ng5 Nxe3 17.Qxe3 Nc2 18.Qf2 Nxa1 19.Rxa1 dxe5 20.dxe5 Rfd8 21.Bxb7 Rab8
22.Nxe6 Qxe6 23.Bg2 f6 24.Qxa7 Kf8 25.b3 fxe5 26.Rf1 e4 27.f5 gxf5 28.Qa5 Kg8
29.Kh1 Ra8 30.Qb4 Rdb8 31.Nb5 Rxa2 32.Qc5 Qe5 33.Qc4+ Kh8 34.Rd1 h6 35.Bf1 e3
36.Be2 Rxe2 37.Qxe2 Rxb5 38.Kg1 Rxb3 39.Qc4  0-1

[Event "Nabereznye Chelny"]
[Site "Nabereznye Chelny"]
[Date "1993.??.??"]
[Round "?"]
[White "Muhamedzjanov, Nail"]
[Black "Sideif Sade, Fikret I"]
[Result "1/2-1/2"]
[WhiteElo "2335"]
[BlackElo "2425"]

1.e4 c5 2.c3 Nf6 3.e5 Nd5 4.d4 cxd4 5.Qxd4 e6 6.Nf3 Nc6 7.Qe4 Qc7 8.Bc4 Nde7
9.Bf4 Ng6 10.Bg3 b6 11.Nbd2 Bb7 12.Qe2 d6 13.exd6 Bxd6 14.Ba6 O-O-O 15.Bxb7+ Kxb7
16.Bxd6 Rxd6 17.g3 Rhd8 18.O-O-O Rd5  1/2-1/2

[Event "FRA-ch"]
[Site "Nantes"]
[Date "1993.??.??"]
[Round "5"]
[White "Relange, Eloi"]
[Black "Degraeve, Jean Marc"]
[Result "0-1"]
[WhiteElo "2365"]
[BlackElo "2465"]

1.e4 c5 2.c3 Nf6 3.e5 Nd5 4.g3 d6 5.exd6 Qxd6 6.Bg2 Nc6 7.Ne2 Bg4 8.h3 Bh5
9.O-O e6 10.Na3 Be7 11.d3 O-O 12.Nc4 Qc7 13.Ne3 Nxe3 14.Bxe3 Rad8 15.Qc2 Ne5
16.Bf4 Bd6 17.Bxe5 Bxe5 18.f4 Bd6 19.g4 Bg6 20.Qd2 c4 21.d4 Bd3 22.Rae1 f6
23.Kh1 Kh8 24.Rf2 e5 25.fxe5 fxe5 26.Rxf8+ Rxf8 27.dxe5 Bxe5 28.Qe3 h6 29.Qxa7 Bf6
30.Qxb7 Qxb7 31.Bxb7 Bh4 32.Rd1 Bxe2 33.Rd2 Bd3 34.b3 Bg5 35.Rd1 Bc2 36.Ra1 cxb3
37.axb3 Bxb3  0-1

[Event "FRA-ch"]
[Site "Nantes"]
[Date "1993.??.??"]
[Round "6"]
[White "Etchegaray, Patrice"]
[Black "Koch, Jean Rene"]
[Result "0-1"]
[WhiteElo "2410"]
[BlackElo "2500"]

1.e4 c5 2.c3 Nf6 3.e5 Nd5 4.d4 cxd4 5.Bc4 Qc7 6.Qe2 Nb6 7.Bd3 Nc6 8.Nf3 d6
9.exd6 Qxd6 10.h3 g6 11.O-O Bg7 12.Na3 dxc3 13.Nb5 Qb8 14.Nxc3 O-O 15.Bg5 Be6
16.Bh4 Nd5 17.Bg3 Qc8 18.Ne4 Ndb4 19.Nc5 Bxa2 20.Rxa2 Nxa2 21.Bc4 Nd4 22.Nxd4 Qxc5
23.Nf3 Nb4 24.Rd1 Rad8 25.Rxd8 Rxd8 26.Ne5 Bxe5 27.Bxe5 Nc6  0-1

[Event "New York ACC"]
[Site "New York"]
[Date "1993.??.??"]
[Round "5"]
[White "Vulicevic, Nenad"]
[Black "Waitzkin, Joshua"]
[Result "1/2-1/2"]
[WhiteElo "2320"]
[BlackElo "2345"]

1.e4 c5 2.c3 Nf6 3.e5 Nd5 4.d4 cxd4 5.Qxd4 Nc7 6.Nf3 Nc6 7.Qe4 d5 8.exd6 Qxd6
9.Bf4 Qe6 10.Qxe6 Nxe6 11.Be3 g6 12.Na3 Bg7 13.Bc4 O-O 14.Nb5 a6 15.Bxe6 axb5
16.Bb3 b4 17.Bd2 Na5 18.Ke2 Bd7 19.Nd4 Nxb3 20.axb3 e5 21.Nc2 bxc3 22.bxc3 Bb5+
23.c4 Bc6 24.f3 e4 25.Rxa8 exf3+ 26.gxf3 Rxa8 27.Nb4 Re8+ 28.Kf2 Bd4+ 29.Kg3 Bd7
30.Nd5 f5 31.Re1 Rxe1 32.Bxe1 Kf7 33.Bc3 Bxc3 34.Nxc3  1/2-1/2

[Event "New York Enhance"]
[Site "New York"]
[Date "1993.??.??"]
[Round "7"]
[White "Moulin, Pierre"]
[Black "Ashley, Maurice"]
[Result "0-1"]
[WhiteElo "2300"]
[BlackElo "2435"]

1.e4 c5 2.c3 Nf6 3.e5 Nd5 4.d4 cxd4 5.Nf3 Nc6 6.cxd4 d6 7.Bc4 Nb6 8.Bb5 d5
9.Nc3 Bf5 10.O-O e6 11.Bg5 Be7 12.Bxe7 Qxe7 13.Na4 Qb4 14.Qb3 Qxb3 15.axb3 Nxa4
16.bxa4 Rc8 17.Rfc1 Kd7 18.Nd2 Ke7 19.Bxc6 Rxc6 20.Kf1 Rhc8 21.Rxc6 Rxc6
22.Ke2 Rc2 23.b3 Kd7 24.h3 Rc3 25.Rg1 b6 26.g4 Bd3+ 27.Ke3 Bc2+ 28.Ke2 Bxb3
29.a5 b5 30.Rb1 Bc2 31.Rb2 a6 32.h4 Bd3+ 33.Ke3 Bc4+ 34.Kf4 Ra3 35.Nxc4 dxc4
36.Ke4 Kc6  0-1

[Event "New York op"]
[Site "New York"]
[Date "1993.??.??"]
[Round "7"]
[White "Kotliar, Mark"]
[Black "Fernandes, Antonio"]
[Result "0-1"]
[WhiteElo "2315"]
[BlackElo "2455"]

1.e4 c5 2.c3 Nf6 3.e5 Nd5 4.d4 cxd4 5.Nf3 e6 6.cxd4 d6 7.a3 Bd7 8.Bd3 Bc6
9.O-O Nd7 10.Re1 Be7 11.b4 a6 12.Bd2 O-O 13.Nc3 Nxc3 14.Bxc3 Nb6 15.Qe2 Rc8
16.Rac1 Qd7 17.Bb1 Bd5 18.Nd2 Rc7 19.Ne4 Bxe4 20.Qxe4 g6 21.exd6 Bxd6 22.Ba1 Rxc1
23.Rxc1 Rc8 24.Re1 Nd5 25.Bc2 Bxh2+ 26.Kh1 Bf4 27.Bb3 Bc1 28.Qf3 Qd6 29.Re5 Bf4
30.Re1 Rc1 31.Rxc1 Bxc1 32.Ba2 Qc6 33.Qb3 b5 34.Bb2 Bxb2 35.Qxb2 Qc3 36.Qxc3 Nxc3
37.Bb3 Kf8 38.g3 Ke7 39.Kg2 Kd6 40.Kf3 Nb1 41.Kf4 Nxa3 42.Kg5 Ke7 43.Kh6 Nc4
44.Kxh7 a5 45.bxa5 Nxa5  0-1

[Event "New York op"]
[Site "New York"]
[Date "1993.??.??"]
[Round "9"]
[White "Alexopoulos, Georgios"]
[Black "Kelleher, William"]
[Result "0-1"]
[WhiteElo "2235"]
[BlackElo "2360"]

1.e4 c5 2.c3 Nf6 3.e5 Nd5 4.d4 cxd4 5.Qxd4 e6 6.Nf3 Nc6 7.Qe4 f5 8.Qe2 Nde7
9.g3 Ng6 10.Nbd2 Qc7 11.Nc4 b5 12.Nd6+ Bxd6 13.exd6 Qxd6 14.Qxb5 O-O 15.Qd3 Qc7
16.Be2 Bb7 17.O-O f4 18.Rd1 fxg3 19.fxg3 Rxf3 20.Qxf3 Nce5 21.Qe3 Qc6 22.Kf2 Rf8+
23.Ke1 Qg2 24.b3 Ng4 25.Qxa7 Rf2 26.Qb8+ Nf8  0-1

[Event "Nis op"]
[Site "Nis"]
[Date "1993.??.??"]
[Round "?"]
[White "Petronijevic, Zoran"]
[Black "Simic, Radoslav"]
[Result "0-1"]
[WhiteElo "2315"]
[BlackElo "2470"]

1.e4 c5 2.c3 Nf6 3.e5 Nd5 4.d4 cxd4 5.Nf3 e6 6.cxd4 d6 7.Nc3 Nxc3 8.bxc3 Qc7
9.Bd2 Nd7 10.exd6 Bxd6 11.Bd3 b6 12.O-O Bb7 13.Re1 O-O 14.h3 Bf4 15.Qc1 Bxd2
16.Nxd2 Rac8 17.c4 Rfd8 18.Bf1 Nf6 19.Nb3 Ba6 20.Qa3 Bxc4 21.Bxc4 Qxc4 22.Rac1 Qb5
23.Rxc8 Rxc8 24.Qxa7 h6 25.Qa3 Rc2 26.Re3 Nd5 27.Rf3 Qd7 28.Qa8+ Qc8 29.Qa7 Qc7
30.Qa8+ Kh7 31.g3 f5 32.Qe8 Qd6 33.g4 Nf6 34.Qb5 Ne4 35.gxf5 Ng5 36.Re3 Qf4
37.Qf1 Nf3+ 38.Rxf3 Qxf3 39.fxe6 Re2 40.Qg2 Re1+ 41.Kh2 Qf4+ 42.Qg3 Qe4 43.Qg2 Qxe6
44.Qf3 Qg6 45.Qg2 Qxg2+ 46.Kxg2 Re2 47.Kf3 Rxa2  0-1

[Event "NLD-ch"]
[Site "?"]
[Date "1993.??.??"]
[Round "?"]
[White "Van Mil, Johannes A J"]
[Black "Riemersma, Liafbern"]
[Result "0-1"]
[WhiteElo "2435"]
[BlackElo "2415"]

1.e4 c5 2.c3 Nf6 3.e5 Nd5 4.g3 d6 5.exd6 Qxd6 6.Bg2 Nc6 7.Ne2 g6 8.d4 cxd4
9.Nxd4 Nxd4 10.Qxd4 Qe6+ 11.Qe4 Qxe4+ 12.Bxe4 Nb6 13.Na3 Bg7 14.Be3 O-O 15.O-O-O Be6
16.Kb1 f5 17.Bxb7 Rab8 18.Bxb6 Bxc3 19.Bd5 Bxd5 20.Rxd5 Rxb6 21.Nc4 Rc6 22.b3 Re6
23.Kc2 Bg7 24.Rhd1 f4 25.g4 f3 26.Kd3 Re2 27.Rd2 Re1 28.h4 e6 29.Rd7 e5 30.Ne3 Rf4
31.h5 e4+ 32.Kc2 Rxe3 33.Rd8+ Bf8 34.hxg6 hxg6 35.Re8 Re2 36.Rxe2 fxe2 37.Kd2 Kf7
38.Re5 Rxf2 39.Rxe4 e1=Q+ 40.Kxe1 Rxa2 41.Rf4+ Ke8 42.Rf6 g5 43.Rg6 Be7 44.Rg8+ Kd7
45.Rb8  0-1

[Event "Olivos op"]
[Site "Olivos"]
[Date "1993.??.??"]
[Round "3"]
[White "Pierrot, Facundo"]
[Black "Ricardi, Pablo"]
[Result "1/2-1/2"]
[WhiteElo "2310"]
[BlackElo "2480"]

1.e4 c5 2.c3 Nf6 3.e5 Nd5 4.g3 Nc6 5.Bg2 Qc7 6.f4 e6 7.d3 d6 8.exd6 Bxd6
9.Nf3 O-O 10.O-O b6 11.Na3 Ba6 12.Nc4 Rad8 13.Qe2 Rfe8 14.Ng5 h6 15.Ne4 Bf8
16.a4 g6 17.Bd2 Bb7 18.Rae1 Bg7 19.g4 f5 20.Ng3 Qd7 21.Ne5 Nxe5 22.fxe5 Bc6
23.gxf5 exf5 24.e6 Qc7 25.c4 Ne7 26.Bc3 Bd4+ 27.Bxd4 Rxd4 28.Bxc6 Qxc6 29.Qe5 Rf8
30.Ne4 Qa8 31.Ng3 Qb8 32.Qe2 Qd6 33.Qg2 Kg7 34.Rf3 Rxd3 35.Rxd3 Qxd3 36.Qb7 Kf6
37.Qxa7 h5 38.Qc7 Qd4+ 39.Kh1 h4 40.Nf1 Rc8 41.Qxb6 Qf2 42.Qa5 Qf3+ 43.Kg1 Qg4+
44.Kh1 Qxc4 45.Ne3 Qe4+ 46.Kg1 h3 47.Qd2 Rb8 48.Qf2 Nc6 49.Nf1 Qd4 50.Qxd4+ Nxd4  1/2-1/2

[Event "Oviedo rapid"]
[Site "Oviedo"]
[Date "1993.??.??"]
[Round "7"]
[White "Sveshnikov, Evgeny"]
[Black "Antunes, Antonio"]
[Result "1/2-1/2"]
[WhiteElo "2570"]
[BlackElo "2425"]

1.e4 c5 2.c3 Nf6 3.e5 Nd5 4.Nf3 Nc6 5.Bc4 Nb6 6.Be2 g6 7.d4 cxd4 8.cxd4 Bg7
9.Nc3 O-O 10.Bf4 d6 11.exd6 exd6 12.O-O Bg4 13.Nb5 d5 14.Bc7 Qd7 15.Bxb6 axb6
16.h3 Bf5 17.Qd2 Rfe8 18.Rfe1 h6 19.Nc3 Be4 20.Rad1 Rad8 21.Ne5 Qc7 22.Nb5 Qb8
23.Ng4 Kh7 24.Ne3 Qc8 25.Bf1 Qd7 26.f3 Bf5 27.g4 Be6 28.f4 f5 29.Qg2 Bf7
30.gxf5 gxf5 31.Kh1 Re4 32.Bd3 Ne7 33.Nc3 Bf6 34.Bc2  1/2-1/2

[Event "WchT U26"]
[Site "Paranana"]
[Date "1993.??.??"]
[Round "?"]
[White "Sermek, Drazen"]
[Black "Sosa Macho, Juan Manuel"]
[Result "1-0"]
[WhiteElo "2460"]
[BlackElo "2125"]

1.e4 c5 2.c3 Nf6 3.e5 Nd5 4.d4 cxd4 5.Nf3 Nc6 6.Bc4 Nb6 7.Bb3 d5 8.exd6 Qxd6
9.Na3 Be6 10.Nb5 Qd7 11.Bxe6 Qxe6+ 12.Be3 O-O-O 13.Nfxd4 Qd5 14.Qb3 Qxb3
15.axb3 Nd5 16.Nxa7+ Nxa7 17.Rxa7 Kb8 18.Ra4 Nxe3 19.fxe3 Kc7 20.Rf1  1-0

[Event "Pardubice"]
[Site "Pardubice"]
[Date "1993.??.??"]
[Round "1"]
[White "Blatny, Pavel"]
[Black "Stohl, Igor"]
[Result "1/2-1/2"]
[WhiteElo "2510"]
[BlackElo "2545"]

1.e4 c5 2.c3 Nf6 3.e5 Nd5 4.d4 cxd4 5.Nf3 Nc6 6.Bc4 Nb6 7.Bb3 d5 8.exd6 Qxd6
9.O-O Be6 10.Bxe6 Qxe6 11.Nxd4 Nxd4 12.Qxd4 Rd8 13.Qb4 Qc6 14.a4 a6 15.Qb3 e6
16.Nd2 Be7 17.Nf3 O-O 18.Re1 Nc4 19.Qc2 h6 20.b3 Na5 21.Be3 Bf6 22.Rac1 Qc7
23.c4 Nc6 24.Red1 Rxd1+ 25.Rxd1 Rd8 26.Rxd8+ Qxd8 27.Kf1 Qd6 28.Ke2 Qa3 29.Bd2 a5
30.Qb1 Kf8 31.Bc1 Qc5 32.Be3 Qa3 33.Bc1 Qc5 34.Qd3 Ke8 35.Be3 Qa3 36.c5 Qb4
37.Qb5 Kd8 38.Qxb4 Nxb4 39.Bd2 Be7 40.Ne5 f6 41.Nc4 Bxc5 42.Nxa5 Kc7 43.f3 h5
44.Nc4  1/2-1/2

[Event "Pardubice op"]
[Site "Pardubice"]
[Date "1993.??.??"]
[Round "1"]
[White "Petr, Jan"]
[Black "Kiselev, Sergey"]
[Result "1/2-1/2"]
[WhiteElo "2250"]
[BlackElo "2470"]

1.e4 c5 2.c3 Nf6 3.e5 Nd5 4.d4 cxd4 5.Nf3 Nc6 6.cxd4 d6 7.Bc4 Nb6 8.Bb5 dxe5
9.Nxe5 Bd7 10.Bxc6 Bxc6 11.Nxc6 bxc6 12.O-O g6 13.Bf4 Bg7 14.Qc2 O-O 15.Rd1 Bxd4
16.Nc3 c5 17.Nb5 Qd7 18.Nxd4 cxd4 19.Be5 Rac8 20.Qe4 Qe6 21.Qxd4 Rc4 22.Qe3 Nd5
23.Qb3 Rfc8 24.Bg3 Qc6 25.h3 Nf6 26.Qd3 Ne4 27.Be5 f6 28.Bd4 a5 29.Be3 Nd6
30.Qa3 a4 31.Rac1 Qe4 32.Rxc4 Rxc4 33.Rxd6 exd6 34.Qxd6 Kf7 35.Qd7+ Qe7 36.Qd5+ Qe6
37.Qb7+ Ke8 38.Qxh7 g5 39.Qg6+ Kd7 40.Qg7+ Kc8 41.Qa7 Qc6 42.b3 axb3 43.axb3 Rc2
44.Qf7  1/2-1/2

[Event "Iwex Cup"]
[Site "Pardubice"]
[Date "1993.??.??"]
[Round "2"]
[White "Doring, Robert"]
[Black "Pletanek, Jan"]
[Result "1/2-1/2"]
[WhiteElo "2090"]
[BlackElo "2280"]

1.e4 c5 2.c3 Nf6 3.e5 Nd5 4.d4 cxd4 5.Nf3 Nc6 6.Bc4 Nb6 7.Bb3 d5 8.exd6 Qxd6
9.O-O Be6 10.Na3 Bxb3 11.Qxb3 Qd5 12.Rd1 Qxb3 13.axb3 a6 14.Nxd4 Nxd4 15.Rxd4 e5
16.Rd1 Bxa3 17.bxa3 Nd7 18.Rd5 O-O-O 19.Be3 f6 20.Rad1 Nb8 21.Kf1 Rxd5 22.Rxd5 Rd8
23.Rc5+ Nc6 24.Ke2 Rd6 25.a4 Kd7 26.b4 Ne7 27.b5 Nd5 28.Rc4 axb5 29.axb5 f5
30.g3 h6 31.h4 h5 32.Bc5 Rg6 33.Bf8 f4 34.gxf4 Nxf4+ 35.Ke3 Rg4 36.Rc5 Ng2+
37.Ke2 Nxh4 38.Rxe5 Ng6 39.Rf5 Rf4 40.Rxf4 Nxf4+ 41.Kf3 g5 42.c4 Ke6 43.c5 Nd5
44.Bh6 Kf5 45.Kg3 h4+ 46.Kh3 Nf4+ 47.Kh2 Ne6 48.c6 bxc6 49.bxc6 g4 50.Bf8 Ke5
51.Be7 h3 52.Bd8 Kd6 53.c7 Kd7 54.f3 gxf3  1/2-1/2

[Event "Pardubice"]
[Site "Pardubice"]
[Date "1993.??.??"]
[Round "8"]
[White "Dolmatov, Sergey"]
[Black "Alterman, Boris"]
[Result "1/2-1/2"]
[WhiteElo "2630"]
[BlackElo "2585"]

1.e4 c5 2.c3 Nf6 3.e5 Nd5 4.d4 cxd4 5.Nf3 Nc6 6.cxd4 d6 7.Bc4 Nb6 8.Bb5 dxe5
9.Nxe5 Bd7 10.Bxc6 Bxc6 11.Nxc6 bxc6 12.O-O g6 13.Re1 Bg7 14.Bg5 O-O 15.Bxe7 Qxd4
16.Qxd4 Bxd4 17.Nd2 Rfe8 18.Ba3 c5 19.Kf1 c4 20.Rxe8+ Rxe8 21.Rc1 Rc8 22.Ne4 a6
23.Rd1 Be5 24.g3 h5 25.f4 Bg7 26.Nc3 Bxc3 27.bxc3 Na4 28.Bb4 Nb2 29.Rd7 Nd3
30.Bd6 Kg7 31.Be5+  1/2-1/2

[Event "Pardubice"]
[Site "Pardubice"]
[Date "1993.??.??"]
[Round "9"]
[White "Blatny, Pavel"]
[Black "Greenfeld, Alon"]
[Result "1/2-1/2"]
[WhiteElo "2510"]
[BlackElo "2590"]

1.e4 c5 2.c3 Nf6 3.e5 Nd5 4.d4 cxd4 5.Nf3 Nc6 6.Bc4 Nb6 7.Bb3 d5 8.exd6 Qxd6
9.O-O Be6 10.Na3 dxc3 11.Nb5 Qxd1 12.Rxd1 Rc8 13.Bxe6 fxe6 14.Nxc3 g6  1/2-1/2

[Event "Paris-ch"]
[Site "Paris"]
[Date "1993.??.??"]
[Round "6"]
[White "Cheymol, Eric"]
[Black "Badii, Madjid"]
[Result "0-1"]
[WhiteElo "2225"]
[BlackElo "2240"]

1.e4 c5 2.c3 Nf6 3.e5 Nd5 4.d4 cxd4 5.Nf3 Nb6 6.cxd4 d5 7.exd6 Qxd6 8.Nc3 a6
9.Bd3 g6 10.O-O Bg7 11.h3 O-O 12.Bg5 Nc6 13.Re1 Re8 14.Qe2 Be6 15.Ne4 Nxd4
16.Nxd4 Qxd4 17.Rad1 Qxb2 18.Qxb2 Bxb2 19.Nc5 Bxa2 20.Nxb7 Bc4 21.Bxe7 Bc3
22.Nd6 Bxe1 23.Nxe8 Rxe8 24.Bxc4 Rxe7 25.Bxa6 Bc3 26.Rd8+ Kg7 27.Bb5 Re1+
28.Kh2 Rb1 29.Ba6 Rb2 30.Rd3 Be5+ 31.f4 Bxf4+ 32.Kg1 h5 33.Rf3 Be5 34.Rd3 h4
35.Kf1 Bg3 36.Rd8 Na4 37.Rc8 Rd2 38.Be2 Nb2 39.Rc3 Na4 40.Rc8 Nb6 41.Rc3 Nd5
42.Rb3 Nf4 43.Bf3 Rc2 44.Rb1 Rf2+  0-1

[Event "RUS-chT"]
[Site "Podolsk"]
[Date "1993.??.??"]
[Round "?"]
[White "Rogovskoy, Alexander"]
[Black "Semeniuk, Alexander A"]
[Result "0-1"]
[WhiteElo "2275"]
[BlackElo "2370"]

1.e4 c5 2.c3 Nf6 3.e5 Nd5 4.d4 cxd4 5.Qxd4 e6 6.Nf3 Nc6 7.Qe4 Qc7 8.Bd3 Nde7
9.O-O Ng6 10.Re1 b6 11.h4 Bb7 12.Qe2 d6 13.exd6 Bxd6 14.Ba6 O-O 15.Bxb7 Qxb7
16.h5 Nf4 17.Bxf4 Bxf4 18.Qe4 Qc7 19.Na3 a6 20.Rad1 Rfd8 21.Nc2 h6 22.Nb4 Nxb4
23.Qxb4 Bd6 24.Qe4 Rab8 25.Rd3 Be7 26.Red1 Bf6 27.Rxd8+ Rxd8 28.Rxd8+ Qxd8
29.g4 b5 30.Kg2 Qd5 31.Qxd5 exd5 32.Kf1 Kf8 33.Ke2 Ke7 34.Kd3 Kd6 35.b4 g6
36.hxg6 fxg6 37.Ng1 h5 38.f3 Bh4 39.Nh3 Ke5 40.Ke3 Bg3 41.Ng1 Be1 42.Ne2 h4
43.f4+ Kf6 44.Kf3 h3 45.a3 Ke7 46.g5 Kf7 47.f5 gxf5 48.Nf4 h2 49.g6+ Kg7
50.Kg2 Bxc3 51.Nxd5 Be5 52.Ne7 Kf6 53.g7 Kxg7 54.Nxf5+  0-1

[Event "RUS-chT"]
[Site "Podolsk"]
[Date "1993.??.??"]
[Round "?"]
[White "Vorotnikov, Vladislav V"]
[Black "Semeniuk, Alexander A"]
[Result "0-1"]
[WhiteElo "2450"]
[BlackElo "2370"]

1.e4 c5 2.c3 Nf6 3.e5 Nd5 4.d4 cxd4 5.Qxd4 e6 6.Nf3 Nc6 7.Qe4 f5 8.Qe2 b6
9.c4 Ba6 10.b3 Bb4+ 11.Bd2 Nf4 12.Qe3 Ng6 13.Bxb4 Nxb4 14.Nd4 Qh4 15.Kd2 f4
16.Qe4 Qxf2+ 17.Kc3 Nd5+ 18.cxd5 Bxf1 19.dxe6 Rc8+ 20.Kb4 dxe6 21.Nxe6 Ke7
22.Rxf1 Qxf1 23.Nxg7 Qa6 24.Nf5+ Kf8 25.a4 Qa5+ 26.Ka3 Qc5+ 27.Qb4 Qxb4+
28.Kxb4 Nxe5 29.Nd2 Nd3+ 30.Ka3 Rg8 31.g3 Rg5 32.Nd4 Rd5 33.N2f3 fxg3 34.hxg3 Rc1
35.Rxc1 Nxc1 36.Kb2 Nd3+ 37.Kc3 Nf2 38.b4 Kf7 39.Kc4 Rd8 40.Nc6 Rg8 41.Nxa7 Rxg3  0-1

[Event "CRO-Cup"]
[Site "Pula"]
[Date "1993.??.??"]
[Round "7"]
[White "Brigljevic, Milan"]
[Black "Cvitan, Ognjen"]
[Result "0-1"]
[WhiteElo "2260"]
[BlackElo "2575"]

1.e4 c5 2.c3 Nf6 3.e5 Nd5 4.d4 cxd4 5.cxd4 e6 6.Nc3 Nxc3 7.bxc3 Qc7 8.Bd2 d6
9.Nf3 Nd7 10.exd6 Bxd6 11.Bd3 b6 12.O-O Bb7 13.h3 O-O 14.Re1 Bf4 15.Ne5 Bxd2
16.Qxd2 Rac8 17.Rac1 Nxe5 18.Rxe5 Rfd8 19.Qe3 h6 20.f4 Rd5 21.Rxd5 Bxd5 22.c4 b5
23.c5 b4 24.Bb1 a5 25.f5 exf5 26.Bxf5 Rd8 27.Re1 Qb8 28.Bb1 a4 29.h4 Qc8
30.h5 Qe6 31.Qg3 Qf6 32.Qd3 Kf8 33.Re5 Bxa2 34.Qh7 Be6 35.Qe4 Qe7 36.Qh7 Qf6
37.Qe4 Qe7 38.Qh7 Qh4 39.Qh8+ Ke7 40.Qxg7 Qxd4+ 41.Kf1 Rd5  0-1

[Event "ISD-FRA"]
[Site "Reykjavik"]
[Date "1993.??.??"]
[Round "9"]
[White "Thorhallsson, Throstur"]
[Black "Koch, Jean Rene"]
[Result "1/2-1/2"]
[WhiteElo "2430"]
[BlackElo "2450"]

1.e4 c5 2.c3 Nf6 3.e5 Nd5 4.d4 cxd4 5.cxd4 e6 6.Nf3 b6 7.Nc3 Nxc3 8.bxc3 Qc7
9.Bd2 Bb7 10.Bd3 d6 11.O-O Nd7 12.Bf4 Be7 13.Re1 O-O 14.Rc1 g6 15.Be4 Bxe4
16.Rxe4 dxe5 17.Nxe5 Nxe5 18.Bxe5 Qc6 19.Qe2 Rac8 20.c4 Bg5 21.Bf4 Bxf4 22.Rxf4 Qa4
23.h4 Qa3 24.Rd1 Qb4 25.d5 exd5 26.Rxd5 Qc3 27.Re4 Rc5 28.h5 Rfc8 29.g3 Kg7
30.Re7 R5c7 31.Rdd7 Rxd7 32.Rxd7 Rc5 33.Qe6 Rf5 34.h6+ Kxh6 35.Rxf7 Qc1+
36.Kg2 Rh5 37.Rxh7+ Kxh7 38.Qf7+ Kh6 39.Qf8+ Kg5 40.Qe7+ Kf5 41.Qf7+ Ke5
42.Qd5+ Kf6 43.Qd6+  1/2-1/2